Choose onscreen money-spinners (Record no. 67085)

MARC details
000 -LEADER
fixed length control field 01434cam a2200253 4500
001 - CONTROL NUMBER
control field ABS63996
008 - FIXED-LENGTH DATA ELEMENTS--GENERAL INFORMATION
fixed length control field 000000n2001 000 0 eng u
035 ## - SYSTEM CONTROL NUMBER
System control number (Sirsi) u112693
100 ## - MAIN ENTRY--PERSONAL NAME
Personal name Tinworth, A.
245 ## - TITLE STATEMENT
Title Choose onscreen money-spinners
260 ## - PUBLICATION, DISTRIBUTION, ETC.
Date of publication, distribution, etc. 2001
490 ## - SERIES STATEMENT
Series statement Estates Gazette
Volume/sequential designation (0119) 12 May 2001, 126-127(2)
520 ## - SUMMARY, ETC.
Summary, etc. Looks at the setting up, and nature of, three websites that aim to sell building investments: PrimePitch, and two new players UK-PiP (UK Property Investment Pages) and e-Property Investor. These firms all target the smaller investor, which West End agents do not have the time to nurture. UK-PiP sees its service as a marketing tool rather than as a business. Addressing the inexperience of its potential market it offers a simple tutorial on investing in commercial property, and prides itself on being easy to use. It costs £10,000 to join the site, and there is a listing charge of £300 per property. However, the agent listing the property does the deal, and the site receives no cut. Contrasts the approach of this site with that of E-Property Investor.
590 ## - LOCAL NOTE (RLIN)
Local note ABS
650 ## - SUBJECT ADDED ENTRY--TOPICAL TERM
Topical term or geographic name entry element PRIMEPITCH
650 ## - SUBJECT ADDED ENTRY--TOPICAL TERM
Topical term or geographic name entry element UK PROPERTY INVESTMENT PAGES
650 ## - SUBJECT ADDED ENTRY--TOPICAL TERM
Topical term or geographic name entry element E-PROPERTY INVESTOR
650 ## - SUBJECT ADDED ENTRY--TOPICAL TERM
Topical term or geographic name entry element PROPERTY-COMMERCIAL PROPERTY
650 ## - SUBJECT ADDED ENTRY--TOPICAL TERM
Topical term or geographic name entry element INVESTMENT PROPERTY
650 ## - SUBJECT ADDED ENTRY--TOPICAL TERM
Topical term or geographic name entry element EBUSINESS
650 ## - SUBJECT ADDED ENTRY--TOPICAL TERM
Topical term or geographic name entry element E-COMMERCE
690 ## - LOCAL SUBJECT ADDED ENTRY--TOPICAL TERM (OCLC, RLIN)
Topical term or geographic name as entry element INFORMATION TECHNOLOGY-INTERNET
942 ## - ADDED ENTRY ELEMENTS (KOHA)
Suppress in OPAC 0
Holdings
Withdrawn status Lost status Source of classification or shelving scheme Damaged status Not for loan Home library Current library Shelving location Date acquired Total Checkouts Full call number Barcode Date last seen Copy number Price effective from Koha item type
    Dewey Decimal Classification     London London Journal article 21/05/2001   ABS63996 112693-1001 06/08/2019 1 06/08/2019 Journal article